Market view UK summer 2011 (Record no. 112737)

MARC details
000 -LEADER
fixed length control field 01110cad a22002175a 4500
001 - CONTROL NUMBER
control field L153866
008 - FIXED-LENGTH DATA ELEMENTS--GENERAL INFORMATION
fixed length control field 110914s2011 xxk 000 0 eng d
035 ## - SYSTEM CONTROL NUMBER
System control number (Sirsi) u153866
041 0# - LANGUAGE CODE
Language code of text/sound track or separate title eng
110 2# - MAIN ENTRY--CORPORATE NAME
Corporate name or jurisdiction name as entry element EC Harris
9 (RLIN) 4930
245 00 - TITLE STATEMENT
Title Market view UK summer 2011
Remainder of title sluggish growth in the UK economy spells further slowdowns for construction
Medium [electronic resource]
260 ## - PUBLICATION, DISTRIBUTION, ETC.
Place of publication, distribution, etc. London
Name of publisher, distributor, etc. EC Harris
Date of publication, distribution, etc. 2011
490 #0 - SERIES STATEMENT
Series statement EC Harris Research Market View UK
Volume/sequential designation Summer 2011
520 ## - SUMMARY, ETC.
Summary, etc. The latest construction new orders were very poor, indicating little chance of a letup from the tight market conditions for vast swathes of the country. Looks at construction output v tender price index (June 2011), infrastructure tender price index (June 2011), UK construction output (year on year percentage movement).
590 ## - LOCAL NOTE (RLIN)
Local note KA
651 #4 - SUBJECT ADDED ENTRY--GEOGRAPHIC NAME
Geographic name United Kingdom
Chronological subdivision
690 ## - LOCAL SUBJECT ADDED ENTRY--TOPICAL TERM (OCLC, RLIN)
Topical term or geographic name as entry element BUILT ENVIRONMENT-BUILDING COSTS
690 ## - LOCAL SUBJECT ADDED ENTRY--TOPICAL TERM (OCLC, RLIN)
Topical term or geographic name as entry element BUILT ENVIRONMENT-CONSTRUCTION MARKET
856 40 - ELECTRONIC LOCATION AND ACCESS
Uniform Resource Identifier <a href="https://www.echarris.com/pdf/8044_Market%20View_Summer%202011%20v3.pdf">https://www.echarris.com/pdf/8044_Market%20View_Summer%202011%20v3.pdf</a>
Public note View the item free of charge at www.echarris.com
942 ## - ADDED ENTRY ELEMENTS (KOHA)
Suppress in OPAC 0
Holdings
Withdrawn status Lost status Source of classification or shelving scheme Damaged status Not for loan Home library Current library Shelving location Date acquired Total Checkouts Full call number Barcode Date last seen Copy number Price effective from Koha item type
    Dewey Decimal Classification     Virtual Virtual Online 14/09/2011   ONLINE PUBLICATION 153866-2001 06/08/2019 1 06/08/2019 Book